Quizzes
Events
Quiz Creation
Community
Videos
Private Events
Remove Ads
Sign In
Join for FREE
Feedback
Dark Mode
Quiz Categories
Sports
Geography
Music
Movies
Television
Just For Fun
Miscellaneous
History
Literature
Language
Science
Gaming
Entertainment
Religion
Holiday
For Kids
Quiz Lab
Recent
Popular Today
Quiz Kudos Today
Editor Picks
Curator Picks
Quizzes by...
Day
Popularity
Type
Ratings
Length
Year
Community
Subscriptions
Recent Discussions
Orange Saloon
Badges
Playlists
Quests
Create
Leaderboards
Showdown
Live 5
Trivia Bingo
Activity
Puzzle Library
Sporcle Events
Private Events
Virtual Trivia
Globe League
Become a Host
Pub Owners
SporcleCon
Opinionation
Our Games
Videos
Blog
Mobile Apps
Partnerships
Remove Ads and Go Orange
Feedback
Sports
Athletes
MLB
NBA
NHL
NFL
Soccer
Sports Teams
WWE
NCAA
Football
Premier League
Basketball
Baseball
Hockey
Golf
Tennis
Cricket
Rugby
Auto Racing
Olympics
World Cup
Sports
Athletes
MLB
NBA
NHL
NFL
Soccer
Sports Teams
WWE
NCAA
Football
Premier League
Basketball
Baseball
Hockey
Golf
Tennis
Cricket
Rugby
Auto Racing
Olympics
World Cup
Random Quiz
Search Sporcle
×
Quiz Lab
Quiz Lab
Sports
team
Type in answers that appear in a list
Type in answers that appear in a list
Classic
Best Score? Go Orange.
Super Bowl Winning Kickers Stats
Can you name the kickers for each of the Super Bowl winning teams?
By
geowiz85
10m
44 Questions
418 Plays
418 Plays
418 Plays
Comments
Comments
Give Quiz Kudos
Give Quiz Kudos
-
- Ratings
hide this ad
Replay
Link that replays current quiz
Next Quiz
Link to next quiz in quiz playlist
You Got
0%
They Got
Avg Score
44%
Avg Friend Score
Upgrade to see
Score Distribution
Jump to the score distribution portion of the page
Score
0/44
Timer
10:00
0
Plays Today
Super Bowl
Kicker
% Correct
XXXVI
Adam Vinatieri
91.4%
XXXVIII
Adam Vinatieri
91.4%
XXXIX
Adam Vinatieri
91.4%
XLI
Adam Vinatieri
91.4%
XXXII
Jason Elam
73.7%
XXXIII
Jason Elam
73.7%
XXXV
Matt Stover
70.1%
XL
Jeff Reed
60.5%
XLIII
Jeff Reed
60.5%
XLII
Lawrence Tynes
57.7%
XLIV
Garrett Hartley
53.8%
XXXIV
Jeff Wilkins
50.2%
XVII
Mark Moseley
48.6%
XXXVII
Martin Gramatica
48.6%
XIV
Matt Bahr
48.3%
XV
Chris Bahr
48.3%
XVIII
Chris Bahr
48.3%
XXV
Matt Bahr
48.3%
IV
Jan Stenerud
47.6%
XX
Kevin Butler
45%
VII
Garo Yepremian
44.7%
VIII
Garo Yepremian
44.7%
Super Bowl
Kicker
% Correct
XVI
Ray Wersching
42.1%
XIX
Ray Wersching
42.1%
V
Jim O'Brien
37.8%
XXIII
Mike Cofer
34.4%
XXIV
Mike Cofer
34.4%
IX
Roy Gerela
34.2%
X
Roy Gerela
34.2%
XIII
Roy Gerela
34.2%
XXVI
Chip Lohmiller
31.8%
XXX
Chris Boniol
29.4%
XXXI
Chris Jacke
28.5%
III
Jim Turner
27.5%
XXVIII
Eddie Murray
25.4%
I
Don Chandler
24.9%
II
Don Chandler
24.9%
XXI
Raul Allegre
23.9%
XXVII
Lin Elliott
20.1%
XI
Errol Mann
19.9%
XII
Efren Herrera
18.2%
XXII
Ali Haji-Sheikh
16.3%
XXIX
Doug Brien
15.1%
VI
Mike Clark
14.4%
Quiz Playlist
Details
Report
Send in Message
Add To Playlist
Classic:
Type in answers that appear in a list
Last Updated: Feb 16, 2017
Quiz Scoreboard
CHALLENGE
Sign Up to Join the Scoreboard
Show All
Scores
Hide
Comments
May contain spoilers
Recently Published
TV Characters by Other Roles V
by ghcgh
Television
5m
Decade Duel: World Leaders
by jenniferyan
History
4m
Alphabetical 'K' Countries by Flag Minefield
by ylime102
Geography
3m
More to Explore
Quiz From the Vault
Featured Blog Post
15 Basketball Trivia Facts You Can Be March Mad About
hide this ad
You Might Also Like...
Tags
Bowl
champ
Kicker
Super Bowl
team
Winning
Today's Top Quizzes in Sports
Browse Sports
hide this ad
Today's Top Quizzes in team
Browse team
Top Contributed Quizzes in Sports
1
Les joueurs à 100 buts en Ligue 1 Uber Eats
2
2022 World Cup Stars
3
Pick 6: NFL Teams
4
MLB 2 truths and a lie: Hall of Fame pitchers
5
Pick 6: Minor League Baseball
6
Millionaire: NBA Finals Edition
7
Pick 6: Olympics
8
Click the 1998 NBA Draft
9
Criteria MLB: Left Handed Sluggers
10
NBA Logic Puzzle 2.0
Explore More
Trending Topics
Anime
Kpop
Crossword
Marvel
NBA
Harry Potter
Disney
NFL
Song
Soccer
WWE
Puzzle
Pokémon
The Office
Country
hide this ad
More By:
geowiz85
Quiz
Plays
Rating
Category
Featured
Created
Actors by Most AFI Top 100 Films
123,718
4.57
Movies
Nov 24, 2010
Biggest North American Cities on Rivers
101,419
3.83
Geography
Jun 9, 2010
Movie Antonyms All Men Should Know
4,704
2.48
Movies
Mar 31, 2010
1985 Chicago Bears
3,257
3.90
Sports
Oct 2, 2009
US Highest Crime Rates
2,433
4.40
Geography
Dec 6, 2009
Go to Creator's Profile
Score Distribution
Quiz Creator Spotlight
geowiz85
Follow
Send a Message
Quizzes Created
-
Created Quiz Play Count
-
More By This Creator
Popular Quizzes Today
1
Countries of Asia Without Outlines Minefield
2
Find the US States - No Outlines Minefield
3
Pick 6: Fruits
4
The Countries of the World
5
Alphabetical 'K' Countries by Flag Minefield
6
Find the Countries of Europe - No Outlines Minefield
7
US States
8
Find the US States
More Sports Quizzes
Major Bowl Teams of the 2010s
Published
Trending Quizzes
Pick 6: Mountains
Pick 6: Harry Potter
Pick 6: Flags
Pick 6: NFL Teams
Pick 6: Movie Franchises
Recently Updated
Adaptations: Name the Title
pecheneg
NWSL Teams
pecheneg
Women's Final Four Teams by Year
bhenderson79
Presidents Quartet II
eogle
Anything But Clue(do)
eogle
Anything But Oceanian Capitals
eogle
Anything But 7
eogle
Anything But Thing
eogle
Word Ladder: February 29
pecheneg
Song Title Questions
pecheneg
Trending Topics
Kpop
Harry Potter
Crossword
Disney
Anime
NBA
Marvel
NFL
WWE
The Office
Pokémon
Country
Puzzle
Soccer
Song
Your Account Isn't Verified!
In order to create a playlist on Sporcle, you need to verify the email address you used during registration. Go to your
Sporcle Settings
to finish the process.
Report this User
Report this user for behavior that violates our
Community Guidelines
.
Details:
Send Report
Go to the Sporcle.com Mobile Site →
Comments